000 00605nam a2200229Ia 4500
003 OSt
005 20220918182704.0
006 a|||||r|||| 00| 0
007 ta
008 220917b |||||||| |||| 00| 0 eng d
024 _a33,917
037 _cTextual
040 _aARTS
_cARTS
_beng
041 _2eng
_aeng
082 _aO15,2D40,1, J3
100 _aKalidasa
_960950
245 0 _aAbhijnana Sakuntlam
_b A synthatic study ed by Ramendra Mohan Bose
260 _c1953
650 _aENGLISH LITERATURE
942 _hO15,2D40,1, J3
_cTEXL
_2CC
999 _c170008
_d170008